Statistics for Current Top 10 FIFA Ranked Nations (Men)

Click here to take the quiz!

General Stats

  • This quiz has been taken 49 times
    (2 since last reset)
  • The average score is 40 of 60

Answer Stats

Overall Ranking Answer % Correct
15thGermany
100%
31stVenezuela
100%
5thUruguay
100%
11thArgentina
100%
12thChile
100%
14thColombia
100%
20thPeru
100%
30thParaguay
100%
1stFrance
100%
4thCroatia
100%
60thEcuador
100%
75thChina
100%
70thSaudi Arabia
100%
57thKorea Republic
100%
55thJapan
100%
43rdAustralia
100%
3rdBrazil
100%
2ndBelgium
100%
79thCanada
100%
16thMexico
100%
37thCongo DR
100%
45thGhana
100%
46thMorocco
100%
47thCameroon
100%
49thNigeria
100%
9thSpain
100%
22ndUSA
100%
32ndCosta Rica
100%
54thJamaica
100%
69thPanama
100%
32ndIran
100%
8thSwitzerland
50%
197thSamoa
50%
9thDenmark
50%
77thUnited Arab Emirates
50%
73rdSyria
50%
7thPortugal
50%
6thEngland
50%
24thTunisia
50%
119thNew Zealand
50%
72ndEl Salvador
50%
166thPapua New Guinea
50%
165thFiji
50%
157thTahiti
50%
143rdSolomon Islands
50%
24thSenegal
50%
63rdMali
50%
59thBolivia
50%
91stTrinidad & Tobago
50%
13thSweden
0%
52ndBurkina Faso
0%
64thCape Verde Islands
0%
61stHonduras
0%
192ndCook Islands
0%
81stCuracao
0%
192ndAmerican Samoa
0%
79thLebanon
0%
154thNew Caledonia
0%
162ndVanuatu
0%
84thOman
0%

Score Distribution

Percentile by Number Answered

Percent of People with Each Score

Your Score History

You have not taken this quiz since the last reset